Угорські народні казки (Запис № 17489)

000 -Маркер запису
Контрольне поле сталої довжини 01101nam a22002657a 4500
003 - Належність контрольного номера
Контрольне поле Uzh_bibl
008 - Кодовані дані
Контрольне поле сталої довжини 260423b |||||||| |||| 00| 0 ukr d
020 ## - Індекс ISBN
Ціна 72,5
040 ## - Джерело каталогіз.
Код мови каталог. укр.
041 ## - Код мови видання
Код мови оригіналу угорська
Код мови тексту українська
080 ## - Індекс УДК
Індекс УДК 821.161.2
090 ## - Шифри
Поличний індекс 821.161.2
Авторський знак У 34
100 ## - Автор
Автор -
245 ## - Назва
Назва Угорські народні казки
Відповідальність Упоряд. та пер. з угор. К. Бібікова
Фізичний носій Текст
260 ## - Вихідні дані
Місце видання Київ
Видавництво "Веселка"
Дата видання 1985
300 ## - Фізичний опис
Обсяг 151 с.
Ілл./тип відтвор. іл.
Тип одиниці В опр.
490 ## - Серія
Назва серії "Книги народів світу"
520 ## - Анотація
Анотація До збірки увійшли найпопулярніші казки, що яскраво відображають мудрість та прагнення трудящих мас.
521 ## - Примітка про цільове призначення
Примітка про цільове призначення Для молодшого шкільного віку
546 ## - Примітка про мову
Примітка про мову укр.
650 ## - Тематичні рубрики
Основна рубрика Літературно-художнє видання
653 ## - Ключові слова
Ключові слова Лудаш Маті
-- Три мудрі поради
-- Хитра лисиця
655 ## - Термін індексування — жанр/форма
Жанр/форма ХУдожня література
Типове ділення Казки
942 ## - ADDED ENTRY ELEMENTS (KOHA)
Джерело класифікації чи схема поличного розташування
Koha item type Книги
Фонди
Статус вилучення Статус втрати/відсутності Джерело класифікації чи схема поличного розташування Статус пошкодження Тип обігу (не для випозичання) Постійне розташування Поточне розташування Розташування у відділі Дата надходження Інвентарний номер Total Checkouts Повний (примірниковий) шифр зберігання Штрих-код Date last seen Дата, для якої чинна ціна заміни Тип одиниці (рівень примірника)
          Бібліотека-філія №2 Бібліотека-філія №2 Абонемент молодший відділ 23/04/2026 24579   821.161.2 19757 23/04/2026 23/04/2026 Книги

Працює на АБІС Коха